000 00452nam a2200145Ia 4500
008 151015s9999 xx 000 0 und d
020 _a787970786
050 _aHF5549.2U5P96 2004
245 _aPynes Joan E.
250 _a_Human Resources Management for Public and Nonprofit Organization(2nd ed.)
300 _aU S A Jossey-bass 2004
500 _aIncludes Index
650 _a_Human Resource Management
700 _a^d20110126 09:23:01^okilerai
999 _c1115
_d1115